<?xml version="1.0" encoding="UTF-8"?>
<record
    xmlns:xsi="http://www.w3.org/2001/XMLSchema-instance"
    xsi:schemaLocation="http://www.loc.gov/MARC21/slim http://www.loc.gov/standards/marcxml/schema/MARC21slim.xsd"
    xmlns="http://www.loc.gov/MARC21/slim">

  <leader>01593nam a2200241 a 4500</leader>
  <controlfield tag="001">79590</controlfield>
  <controlfield tag="003">BD-RjUL</controlfield>
  <controlfield tag="005">20220322101947.0</controlfield>
  <controlfield tag="008">220322s1959    le            000 0 ara d</controlfield>
  <datafield tag="035" ind1=" " ind2=" ">
    <subfield code="a">(BD-RjUL)79590</subfield>
  </datafield>
  <datafield tag="040" ind1=" " ind2=" ">
    <subfield code="a">HAI</subfield>
    <subfield code="b">eng</subfield>
    <subfield code="c">BD-RjUL</subfield>
  </datafield>
  <datafield tag="041" ind1="0" ind2=" ">
    <subfield code="a">ara</subfield>
  </datafield>
  <datafield tag="082" ind1=" " ind2=" ">
    <subfield code="2">23</subfield>
    <subfield code="a">962</subfield>
    <subfield code="b">MAK 1959</subfield>
  </datafield>
  <datafield tag="100" ind1="1" ind2=" ">
    <subfield code="a">&#x627;&#x644;&#x645;&#x642;&#x631;&#x64A;&#x632;&#x64A;&#x60C; &#x627;&#x62D;&#x645;&#x62F; &#x628;&#x646; &#x639;&#x644;&#x64A;&#x60C;  &#x2BB;Maqr&#x12B;z&#x12B;, A&#x1E25;mad ibn</subfield>
    <subfield code="d">1364-1442</subfield>
    <subfield code="9">1953</subfield>
  </datafield>
  <datafield tag="245" ind1="1" ind2="0">
    <subfield code="a">  &#x643;&#x62A;&#x627;&#x628; &#x627;&#x644;&#x62E;&#x637;&#x637; &#x627;&#x644;&#x645;&#x642;&#x631;&#x64A;&#x632;&#x64A;&#x629; : &#x627;&#x644;&#x645;&#x633;&#x645;&#x627;&#x629; &#x628;&#x627;&#x644;&#x645;&#x648;&#x627;&#x639;&#x638; &#x648;&#x627;&#x644;&#x625;&#x639;&#x62A;&#x628;&#x627;&#x631; &#x628;&#x630;&#x643;&#x631; &#x627;&#x644;&#x62E;&#x637;&#x637; &#x648;&#x627;&#x644;&#x671;&#x62B;&#x627;&#x631;&#x60C; &#x64A;&#x62E;&#x62A;&#x635; &#x630;&#x644;&#x643; &#x628;&#x623;&#x62E;&#x628;&#x627;&#x631; &#x625;&#x642;&#x644;&#x64A;&#x645; &#x645;&#x635;&#x631; &#x648;&#x627;&#x644;&#x646;&#x64A;&#x644; &#x648;&#x630;&#x643;&#x631; &#x627;&#x644;&#x642;&#x627;&#x647;&#x631;&#x629; &#x648;&#x645;&#x627; &#x64A;&#x62A;&#x639;&#x644;&#x642; &#x628;&#x647;&#x627; &#x648;&#x628;&#x627;&#x642;&#x644;&#x64A;&#x645;&#x647;&#x627;  ;; Kit&#x101;b al-khi&#x1E6D;a&#x1E6D; al-Maqr&#x12B;z&#x12B;yah : al-musamm&#x101;h; bi-al-Maw&#x101;&#x2BB;i&#x1E93; wa-al-i&#x2BB;tib&#x101;r bi dhikr al-khi&#x1E6D;a&#x1E6D; wa-al-&#x100;th&#x101;r, yakhta&#x1E63;&#x1E63;u dh&#x101;lika bi-akhb&#x101;r iql&#x12B;m Mi&#x1E63;r wa-al-N&#x12B;l wa-dhikr al-Q&#x101;hirah wa-m&#x101; yata&#x2BB;allaqu bi-h&#x101; wa-bi-iql&#x12B;mih&#x101; /</subfield>
    <subfield code="c">talif taqi aldiyn ahmad bin ali bin abd alqadir bin muhamad almaeruf bialmiqrizii ;; &#x62A;&#x627;&#x644;&#x64A;&#x641; &#x62A;&#x642;&#x64A; &#x627;&#x644;&#x62F;&#x64A;&#x646; &#x627;&#x62D;&#x645;&#x62F; &#x628;&#x646; &#x639;&#x644;&#x64A; &#x628;&#x646; &#x639;&#x628;&#x62F; &#x627;&#x644;&#x642;&#x627;&#x62F;&#x631; &#x628;&#x646; &#x645;&#x62D;&#x645;&#x62F; &#x627;&#x644;&#x645;&#x639;&#x631;&#x648;&#x641; &#x628;&#x627;&#x644;&#x645;&#x642;&#x631;&#x64A;&#x632;&#x64A;</subfield>
  </datafield>
  <datafield tag="246" ind1="3" ind2="3">
    <subfield code="a">&#x627;&#x644;&#x62E;&#x637;&#x637; &#x627;&#x644;&#x645;&#x642;&#x631;&#x64A;&#x632;&#x64A;&#x629; &#x627;&#x644;&#x645;&#x633;&#x645;&#x627;&#x629; &#x628;&#x627;&#x644;&#x645;&#x648;&#x627;&#x639;&#x638; &#x648;&#x627;&#x644;&#x627;&#x639;&#x62A;&#x628;&#x627;&#x631; &#x628;&#x630;&#x643;&#x631; &#x627;&#x644;&#x62E;&#x637;&#x637; &#x648;&#x627;&#x644;&#x627;&#x62B;&#x627;&#x631;</subfield>
  </datafield>
  <datafield tag="246" ind1="3" ind2="3">
    <subfield code="a">&#x627;&#x644;&#x645;&#x648;&#x627;&#x639;&#x638; &#x648;&#x627;&#x644;&#x627;&#x639;&#x62A;&#x628;&#x627;&#x631; &#x628;&#x630;&#x643;&#x631; &#x627;&#x644;&#x62E;&#x637;&#x637; &#x648;&#x627;&#x644;&#x622;&#x62B;&#x627;&#x631;</subfield>
  </datafield>
  <datafield tag="260" ind1=" " ind2=" ">
    <subfield code="a">Al-Shiyy&#x101;&#x1E25; : </subfield>
    <subfield code="b">&#x645;&#x643;&#x62A;&#x628;&#x629; &#x625;&#x62D;&#x64A;&#x627;&#x621; &#x627;&#x644;&#x639;&#x644;&#x648;&#x645; ;;  Maktabat I&#x1E25;y&#x101;&#x2BC; &#x2BB;Ul&#x16B;m al-D&#x12B;n</subfield>
    <subfield code="c">1959]</subfield>
  </datafield>
  <datafield tag="300" ind1=" " ind2=" ">
    <subfield code="a">&#x664; &#x645; &#x641;&#x64A; &#x662; &#x61B;</subfield>
    <subfield code="c">&#x662;&#x664; &#x633;.</subfield>
  </datafield>
  <datafield tag="651" ind1=" " ind2="4">
    <subfield code="a">Egypt</subfield>
    <subfield code="x">History</subfield>
    <subfield code="9">1891</subfield>
  </datafield>
  <datafield tag="651" ind1=" " ind2="4">
    <subfield code="a">Egypt.</subfield>
  </datafield>
  <datafield tag="942" ind1=" " ind2=" ">
    <subfield code="2">ddc</subfield>
    <subfield code="c">BK</subfield>
  </datafield>
  <datafield tag="999" ind1=" " ind2=" ">
    <subfield code="c">79590</subfield>
    <subfield code="d">79590</subfield>
  </datafield>
  <datafield tag="952" ind1=" " ind2=" ">
    <subfield code="0">0</subfield>
    <subfield code="1">0</subfield>
    <subfield code="2">ddc</subfield>
    <subfield code="4">0</subfield>
    <subfield code="7">1</subfield>
    <subfield code="8">NFIC</subfield>
    <subfield code="a">RUCL</subfield>
    <subfield code="b">RUCL</subfield>
    <subfield code="c">Reading</subfield>
    <subfield code="d">1968-02-03</subfield>
    <subfield code="e">Zeitlinger</subfield>
    <subfield code="l">0</subfield>
    <subfield code="o">A 962 MAK V-1  pt.1-3 1959</subfield>
    <subfield code="r">2022-03-22 00:00:00</subfield>
    <subfield code="t">C-1</subfield>
    <subfield code="w">2022-03-22</subfield>
    <subfield code="y">BK</subfield>
  </datafield>
</record>
